| 000 | 00486 a2200169 4500 | ||
|---|---|---|---|
| 003 | OSt | ||
| 005 | 20240116145046.0 | ||
| 008 | 240116b |||||||| |||| 00| 0 eng d | ||
| 020 | _a9788195692415 | ||
| 040 | _coclc | ||
| 082 |
_a297 _bNAD/A |
||
| 100 |
_a Nadvi, Sayyid Sulaiman _91970 |
||
| 245 |
_aAthavakkul Allahuvil bharamelpikkal / _cSayyed Sulaiman Nadwi |
||
| 260 |
_aKerala: _bKNM, _c2022. |
||
| 300 | _a63p | ||
| 942 |
_2ddc _cBK _h297 _iNAD/A _k297 _mNAD/A |
||
| 999 |
_c43209 _d43209 |
||